Southville International School and Colleges
Your cart is empty.
  • Cart
  • Lists
    Public lists Eva Luna New books Lux_list list_1
    Your lists Log in to create your own lists
  • Log in to your account
  • Your cookies
  • Search history
Southville International School and Colleges
  • Advanced search
  • Recent comments
  • Most popular
  • Libraries

Log in to your account

Log in with GOOGLE


If you do not have an external account, but do have a local account, you can still log in:

  1. Home
  2. MARC view: Gingerbread man (The) /
Normal view MARC view ISBD view

Gingerbread man (The) / (Record no. 113436)

[ view plain ]
MARC details
000 -LEADER
fixed length control field 00529nam a2200181 a 4500
001 - CONTROL NUMBER
control field 3339
005 - DATE AND TIME OF LATEST TRANSACTION
control field 20140414132019.0
008 - FIXED-LENGTH DATA ELEMENTS--GENERAL INFORMATION
fixed length control field 040715s19uu xx 00 eng d
020 ## - INTERNATIONAL STANDARD BOOK NUMBER
International Standard Book Number 0-7513-7088-6
050 ## - LIBRARY OF CONGRESS CALL NUMBER
Classification number TR
Item number G43 1998
100 ## - MAIN ENTRY--PERSONAL NAME
Personal name Baumgartner, Barbara
245 ## - TITLE STATEMENT
Title Gingerbread man (The) /
Statement of responsibility, etc told by Barbara Baumgartner ; illustrated by Norman Messenger.
260 ## - PUBLICATION, DISTRIBUTION, ETC. (IMPRINT)
Place of publication, distribution, etc London :
Name of publisher, distributor, etc Dorling Kindersley,
Date of publication, distribution, etc 1998.
300 ## - PHYSICAL DESCRIPTION
Extent 1 v. p. : ill. ; cm.
650 ## - SUBJECT ADDED ENTRY--TOPICAL TERM
Topical term or geographic name as entry element Folktales.
650 ## - SUBJECT ADDED ENTRY--TOPICAL TERM
Topical term or geographic name as entry element Children stories.
Holdings
Withdrawn status Lost status Damaged status Use restrictions Home library Current library Shelving location Date acquired Source of acquisition Total Checkouts Full call number Barcode Date last seen Price effective from Koha item type
        Munich Library Munich Library Teachers Reference Section 07/15/2004     TR G43 1998 M5003 04/14/2014 04/14/2014 Books

Gingerbread man (The) /

APA

Baumgartner B., . (1998). Gingerbread man (The). London: Dorling Kindersley.

Chicago

Baumgartner Barbara, . 1998. Gingerbread man (The). London: Dorling Kindersley.

Harvard

Baumgartner B., . (1998). Gingerbread man (The). London: Dorling Kindersley.

MLA

Baumgartner Barbara, . Gingerbread man (The). London: Dorling Kindersley. 1998.

  • Place hold
  • Print
  • Cite
  • Add to your cart (remove)
  • Save record
    BIBTEX Dublin Core MARCXML MARC (non-Unicode/MARC-8) MARC (Unicode/UTF-8) MARC (Unicode/UTF-8, Standard) MODS (XML) RIS
  • More searches
    Search for this title in:
    Other Libraries (WorldCat) Other Databases (Google Scholar) Online Stores (Bookfinder.com) Open Library (openlibrary.org)

Exporting to Dublin Core...

SOUTHVILLE LIBRARY

Southville International School and Colleges Library

1281 Tropical Ave. Cor. Luxembourg St., BF Homes International, Las Pinas City

Tel. No. 8256374 / 252358 Loc. 117/146

Powered by Koha